OPERATION of forest resources management system (FRMS) software packages : report of the project workshop, Los, Banos, Philippines, 15-27 January 1990

Bibliographic Details
Format: Book
Published: Los Banos, Philippines : UNDP , 1990
Series:UNDP/RAS/86/049
Subjects:

MARC

LEADER 00000cam a2200000 7i4500
001 0000001790
005 20020712.0
090 0 0 |a FAO634.92   |b OPE 1990 
245 0 0 |a OPERATION of forest resources management system (FRMS) software packages :   |b report of the project workshop, Los, Banos, Philippines, 15-27 January 1990 
260 0 0 |a Los Banos, Philippines :   |b UNDP ,   |c 1990 
300 |a 58 p. ;   |c 29 cm. 
440 0 0 |a UNDP/RAS/86/049 
650 0 0 |a Forest management 
745 0 0 |a Strengthening forest inventory capabilities for forest management in Asia and the Pacific 
998 |a JPSM 
999 |a 0000003065   |b Monograph   |c Open Shelf   |e Default branch